Připojování periferií k PC /

Salvato in:
Dettagli Bibliografici
Autori principali: Richta, Karel (Autore), Šnorek, Miroslav (Autore)
Natura: Libro
Lingua:ceco
Pubblicazione: Praha : Grada Publishing, 1996
Edizione:1.vyd.
Tags: Aggiungi Tag
Nessun Tag, puoi essere il primo ad aggiungerne!!

MARC

LEADER 00000nam a22000003a 4500
001 stu8792
005 20190206132414.8
008 960412s1996----xr------------------cze-d
020 |a 80-7169-146-1 
040 |a STU  |b slo 
041 0 |a cze 
044 |a xr 
080 |a 519.687 
080 |a 681.327.06 
100 1 |a Richta, Karel  |4 aut 
245 1 |a Připojování periferií k PC /  |c [aut.] řnorek,Miroslav; Richta,Karel 
250 |a 1.vyd. 
260 |a Praha :  |b Grada Publishing,  |c 1996 
300 |a 303 s 
700 1 |a Šnorek, Miroslav  |4 aut 
996 |b 284EK08103  |c E*80527  |l EE01  |s A  |a 24  |w stu8792_0001 
996 |b 284IK06579  |c I*2HS5015  |l II680  |s A  |a 24  |w stu8792_0002 
996 |b 284IK06580  |c I*2HS5016  |l II680  |s A  |a 24  |w stu8792_0003